000
00288nam a2200109Ia 4500
008
180117s9999 xx 000 0 und d
245
_a
This week In Arts and Culture
260
_c
2017
300
_a
9-10 pages, 2017 March 19
440
_a
Philippine Panorama
650
_a
ARTS AND CULTURE
999
_c
353606
_d
353606